[Event "OP-2013-0-03059"]
[Site "LSS email"]
[Date "2013.11.06"]
[Round "?"]
[White "Bieszk, Stanislaw"]
[Black "Stojkovic, Slavisa"]
[Result "1-0"]
[WhiteElo "1298"]
[BlackElo "800"]
[PlyCount "21"]
[EventDate "2013.10.11"]
[EventType "tourn (corr)"]
[EventRounds "4"]
[EventCountry "GER"]
[SourceTitle "Corr 2022"]
[Source "ChessBase"]
[SourceDate "2021.10.24"]
[SourceVersion "1"]
[SourceVersionDate "2021.10.24"]
[SourceQuality "1"]

1. a3 d5 2. g3 e5 3. Bg2 Nf6 4. e3 Be7 5. Ne2 0-0 6. 0-0 Nc6 7. d4 e4 8. Nd2 Bg4 9. h3 Bh5 10. c4 dxc4 11. Nxc4 1-0

[Event "OP-2013-0-03059"]
[Site "LSS email"]
[Date "2013.10.14"]
[Round "?"]
[White "Mujica, Hector"]
[Black "Stojkovic, Slavisa"]
[Result "1-0"]
[WhiteElo "1809"]
[BlackElo "800"]
[PlyCount "71"]
[EventDate "2013.10.11"]
[EventType "tourn (corr)"]
[EventRounds "4"]
[EventCountry "GER"]
[SourceTitle "Telechess CBM 167"]
[Source "ChessBase"]
[SourceDate "2015.07.13"]
[SourceVersion "1"]
[SourceVersionDate "2015.07.13"]
[SourceQuality "1"]

1. e4 c5 2. Nf3 e6 3. d4 d5 4. Nbd2 Be7 5. exd5 exd5 6. dxc5 Bxc5 7. Nb3 Bb6 8. Bb5+ Nc6 9. 0-0 Nf6 10. Qe2+ Be6 11. Nbd4 0-0 12. Nxe6 fxe6 13. Qxe6+ Kh8 14. Bg5 Nd4 15. Nxd4 Bxd4 16. c3 Bc5 17. Bh4 a6 18. Bd3 Qd6 19. Qxd6 Bxd6 20. Rad1 Ng4 21. Be2 Nxh2 22. Rfe1 Rae8 23. Bg3 Bxg3 24. fxg3 Rxe2 25. Rxe2 Ng4 26. Rxd5 b5 27. Rg5 Nf6 28. Re7 Rg8 29. Ra7 Ne4 30. Re5 Nxg3 31. Rf7 h5 32. Rf3 h4 33. Rxg3 Rd8 34. Rg4 Rd1+ 35. Kh2 Rd6 36. Re7 1-0